| 000 | 00000nam##2200000za#4500 |
| 001 | 9.686005 |
| 003 | CaOODSP |
| 005 | 20210624230336 |
| 007 | cr ||||||||||| |
| 008 | 150407|2001||||xxc|||||o f|0| 0 eng|d |
| 020 | |a0-662-29922-1 |
| 040 | |aCaOODSP|beng |
| 043 | |an-cn--- |
| 086 | 1 |aC2-549/2001E-PDF |
| 110 | 1 |aCanada. |bIndustry Canada. |
| 245 | 14|aThe e-learning e-volution in colleges and universities : |h[electronic resource]|ba pan-Canadian challenge / |c[by] the Advisory Committee for Online Learning. |
| 260 | |aOttawa - Ontario : |bIndustry Canada |c[2001]. |
| 300 | |a143p.|bglossary, references |
| 500 | |aThe catalogue number (C2-549/2001E) and ISBN (0-662-29921-3) for the print edition have been incorrectly copied in this electronic publication. |
| 504 | |aBibliography. |
| 590 | |a11-28-Supp|b2011-11-17 |
| 690 | 07|aEducational technology|2gcpds |
| 690 | 07|aInternet|2gcpds |
| 690 | 07|aKnowledge based economy|2gcpds |
| 690 | 07|aPostsecondary education|2gcpds |
| 710 | 2 |aAdvisory Committee for Online Learning. |
| 775 | 08|tL'évolution de l'apprentissage en ligne dans les collèges et les universités : |w(CaOODSP)9.630574 |
| 776 | 0#|tThe E-learning evolution in colleges and universities : |w(CaOODSP)9.648018 |
| 856 | 40|ahttp://publications.gc.ca|qPDF|s1.11 MB|uhttps://publications.gc.ca/collections/Collection/C2-549-2001E.pdf |
| 986 | |a53320E |